000 00862nam a2200205 a 4500
008 120416s2001 ||||||||||||||||| || u
020 _a0240516540
050 _aTK 7881.4 Dig
100 _aVercammen, Marc
245 1 0 _aDigital audio technology
_cedited by Jan Maes
246 _aa guide to CD, minidisc, SACD, DVD(A), MP3 and DAT
250 _a4th ed.
260 _aOxford
_bFocal Press
_c2001
300 _axv, 342p. : ill.
350 _a0.00
650 7 _aTECHNOLOGY
_2fast
650 _aDIGITAL--AUDIO--TECHNOLOGY
995 _aANNEX COLLECTION (Main Library)
_D0.00
_e734916
_FCBU-MAIN LIBRARY (Kitwe)
_H1
_I20.00
_jTK 7881.4 Dig
_M1
_UAVAILABLE
_y38387
_ZAnnex Low-Usage Collection
995 _aMAIN LIBRARY OPEN ACCESS
_D0.00
_e734917
_FCBU-MAIN LIBRARY (Kitwe)
_H2
_I20.00
_jTK 7881.4 Dig
_M1
_UAVAILABLE
_WApr 25, 2007
_y38386
_ZMain Library Open Access Collection
999 _c63549
_d63549